GOLDBERGER'S CLINICAL ELECTROCARDIOGRAPHY (Record no. 21979)

MARC details
000 -LEADER
fixed length control field 00370nam a22001577a 4500
003 - CONTROL NUMBER IDENTIFIER
control field SGT
020 ## - INTERNATIONAL STANDARD BOOK NUMBER
International Standard Book Number 9788131249116
082 ## - DEWEY DECIMAL CLASSIFICATION NUMBER
Classification number 615.845
Item number G20G
100 ## - MAIN ENTRY--PERSONAL NAME
Personal name GOLDGERGER, ARY L.
245 ## - TITLE STATEMENT
Title GOLDBERGER'S CLINICAL ELECTROCARDIOGRAPHY
250 ## - EDITION STATEMENT
Edition statement 1ST S.A.
260 ## - PUBLICATION, DISTRIBUTION, ETC. (IMPRINT)
Place of publication, distribution, etc INDIA
Name of publisher, distributor, etc ELSEVIER PUB
Year of Publication 2020
300 ## - PAGE DESCRIPTION
No. of Pages 275
650 ## - SUBJECT ADDED ENTRY--TOPICAL TERM
Topical term or geographic name as entry element PHYSIOTHERAPY
942 ## - ADDED ENTRY ELEMENTS (KOHA)
Source of classification or shelving scheme Dewey Decimal Classification
Koha item type Books
942 ## - ADDED ENTRY ELEMENTS (KOHA)
-- 7
Holdings
Withdrawn status Lost status Source of classification or shelving scheme Damaged status Not for loan Collection code Home library Current library Shelving location Date acquired Vendor Name Cost, normal purchase price SGTU Bill Number Total Checkouts Full call number Accession No. (Barcode) Date last seen Date last borrowed Bill Date Koha item type
    Dewey Decimal Classification     MEDICAL SGT Medical Library SGT Medical Library Text Book 02/11/2021 ABC DELHI 1170.00 SGTU 13417 3 615.845 G20G FM12579 02/11/2023 31/10/2023   Books
    Dewey Decimal Classification     MEDICAL SGT Medical Library SGT Medical Library Text Book 02/11/2021 ABC DELHI 1170.00 SGTU 13417 1 615.845 G20G FM12580 18/11/2022 17/10/2022   Books
    Dewey Decimal Classification     MEDICAL SGT Medical Library SGT Medical Library Text Book 02/11/2021 ABC DELHI 1170.00 SGTU 13417 2 615.845 G20G FM12581 20/09/2022 05/09/2022   Books
    Dewey Decimal Classification     MEDICAL SGT Medical Library SGT Medical Library Text Book 02/11/2021 ABC DELHI 1170.00 SGTU 13417 3 615.845 G20G FM12582 04/05/2026 20/04/2026   Books
    Dewey Decimal Classification     MEDICAL SGT Medical Library SGT Medical Library Text Book 02/11/2021 ABC DELHI 1170.00 SGTU 13417   615.845 G20G FM12583 02/11/2021     Books